LEADER 01421nam--2200481---450- 001 990002805700203316 005 20060901160521.0 010 $a8815055835 035 $a000280570 035 $aUSA01000280570 035 $a(ALEPH)000280570USA01 035 $a000280570 100 $a20060901d1996----km-y0itay0103----ba 101 $aita 102 $aIT 105 $a||||||||001yy 200 1 $aCambiamento delle istituzioni economiche e nuovo sviluppo in Italia e in Europa$fa cura di Silvio Beretta e Patrizio Bianchi 210 $aBologna$cIl mulino$dc1996 215 $a409 p.$d24 cm 300 $aSuppl. a L'industria, n. 2 (1996) 410 0$12001 454 1$12001 461 1$1001-------$12001 606 0 $aEconomia$xSaggi 676 $a338.9 702 1$aBERETTA,$bSilvio 702 1$aBIANCHI,$bPatrizio 801 0$aIT$bsalbc$gISBD 912 $a990002805700203316 951 $aP08 1806$bDISTRA 951 $a300 338.9 BER$b14207 DISES 951 $a300 338.9 BER$b172 DISES 951 $a300 338.9 BER$b7844 DISES 959 $aBK 969 $aDISTRA 969 $aDISES 979 $aDISTRA2$b10$c20060901$lUSA01$h1605 979 $c20121027$lUSA01$h1552 979 $c20121027$lUSA01$h1559 979 $c20121027$lUSA01$h1611 996 $aCambiamento delle istituzioni economiche e nuovo sviluppo in Italia e in Europa$9410858 997 $aUNISA DEB $aUSA6040 LEADER 04212nam 2200949Ia 450 001 9910790282503321 005 20230124190403.0 010 $z9780520258068 010 $a1-280-49201-5 010 $a9786613587244 010 $a0-520-95211-1 024 7 $a10.1525/9780520952119 035 $a(CKB)2670000000178212 035 $a(EBL)888631 035 $a(OCoLC)793510880 035 $a(SSID)ssj0000655451 035 $a(PQKBManifestationID)12321872 035 $a(PQKBTitleCode)TC0000655451 035 $a(PQKBWorkID)10595805 035 $a(PQKB)11407281 035 $a(MiAaPQ)EBC888631 035 $a(DE-B1597)519951 035 $a(OCoLC)1110720406 035 $a(DE-B1597)9780520952119 035 $a(Au-PeEL)EBL888631 035 $a(CaPaEBR)ebr10558453 035 $a(CaONFJC)MIL358724 035 $a(EXLCZ)992670000000178212 100 $a20111129d2012 uy 0 101 0 $aeng 135 $aur|n|---||||| 181 $ctxt 182 $cc 183 $acr 200 10$aDirt$b[electronic resource] $ethe erosion of civilizations /$fDavid R. Montgomery 205 $aNew ed. 210 $aBerkeley, Calif. ;$aLondon $cUniversity of California Press$d2012 215 $a1 online resource (305 p.) 300 $aDescription based upon print version of record. 311 $a0-520-27290-0 320 $aIncludes bibliographical references and index. 327 $tFrontmatter --$tContents --$tPreface --$tAcknowledgments --$t1. Good Old Dirt --$t2. Skin of the Earth --$t3. Rivers of Life --$t4. Graveyard of Empires --$t5. Let Them Eat Colonies --$t6. Westward Hoe --$t7. Dust Blow --$t8. Dirty Business --$t9. Islands in Time --$t10. Life Span of Civilization --$tNotes --$tBibliography --$tIndex 330 $aDirt, soil, call it what you want-it's everywhere we go. It is the root of our existence, supporting our feet, our farms, our cities. This fascinating yet disquieting book finds, however, that we are running out of dirt, and it's no laughing matter. An engaging natural and cultural history of soil that sweeps from ancient civilizations to modern times, Dirt: The Erosion of Civilizations explores the compelling idea that we are-and have long been-using up Earth's soil. Once bare of protective vegetation and exposed to wind and rain, cultivated soils erode bit by bit, slowly enough to be ignored in a single lifetime but fast enough over centuries to limit the lifespan of civilizations. A rich mix of history, archaeology and geology, Dirt traces the role of soil use and abuse in the history of Mesopotamia, Ancient Greece, the Roman Empire, China, European colonialism, Central America, and the American push westward. We see how soil has shaped us and we have shaped soil-as society after society has risen, prospered, and plowed through a natural endowment of fertile dirt. David R. Montgomery sees in the recent rise of organic and no-till farming the hope for a new agricultural revolution that might help us avoid the fate of previous civilizations. 606 $aSoil science$xHistory 606 $aSoils 606 $aSoil erosion 610 $aagrarian society. 610 $aagricultural. 610 $aamerican push westward. 610 $aancient greece. 610 $aanthropologist. 610 $aanthropology. 610 $aarchaeologists. 610 $aarchaeology. 610 $acentral america. 610 $achina. 610 $acolonialism. 610 $acultural and historical context. 610 $aeuropean colonialism. 610 $ageographer. 610 $ageography. 610 $ageologist. 610 $ageology. 610 $ahistory of. 610 $aimportance of dirt. 610 $amesopotamia. 610 $aprotective vegetation. 610 $aroman empire. 610 $arunning out of dirt. 615 0$aSoil science$xHistory. 615 0$aSoils. 615 0$aSoil erosion. 676 $a631.4/9 676 $a631.49 700 $aMontgomery$b David R.$f1961-$0126958 801 0$bMiAaPQ 801 1$bMiAaPQ 801 2$bMiAaPQ 906 $aBOOK 912 $a9910790282503321 996 $aDirt$93688908 997 $aUNINA